000 00730nam a2200205Ia 4500
005 20241129111308.0
008 241129s9999||||xx |||||||||||||| ||und||
037 _aTB
040 _aCRL
_bpun
_cCRL
041 _apun
_2pun
084 _aO122,3N05:g 153Q6
_qCRL
100 _aਸਿੰਘ, ਕੁਲਵੰਤ, ਚ।
245 0 _aਜਾਂ ਪਾਲ ਸਾਰਤਰ
_cਸਿੰਘ, ਕੁਲਵੰਤ, ਚ।
260 _aਅੰਮ੍ਰਿਤਸਰ, ਭਾਰਤ
_bਅੰਮ੍ਰਿਤਸਰ ਰਵੀ ਸਾਹਿਤ ਪ੍ਰਕਾਸ਼ਨ
_c2016
300 _a128ਪ੍ਰ0
365 _aINR
_b170
650 _aFrench Literature
_913614
942 _cTB
_hO122,3N05:g 153Q6
999 _c1229796
_d1229796